Quá trình ngẫu nhiên Poisson đa hợp : Luận văn tốt nghiệp cao học: Chuyên ngành: Lý thuyết xác suất và thống kê toán học
Trình bày các kiến thức về tính toán ngẫu nhiên; Trình bày những tính chất của quá trình poission; Trình bày những tính chất của quá trình poission đa hợp; Trình bày một số ứng dụng của quá trình poission trong lý thuyết xếp hàng...
Đã lưu trong:
| 主要作者: | |
|---|---|
| 格式: | 圖書 |
| 語言: | Undetermined |
| 出版: |
Cần Thơ
Đại học Cần Thơ
2013
|
| 主題: | |
| 標簽: |
添加標簽
沒有標簽, 成為第一個標記此記錄!
|
| Thư viện lưu trữ: | Trung tâm Học liệu Trường Đại học Cần Thơ |
|---|
| LEADER | 01190nam a2200217Ia 4500 | ||
|---|---|---|---|
| 001 | CTU_181923 | ||
| 008 | 210402s9999 xx 000 0 und d | ||
| 082 | |a 591.23 | ||
| 082 | |b Đ552 | ||
| 088 | |a 604615 | ||
| 100 | |a Nguyễn, Huỳnh Trọng Đức | ||
| 245 | 0 | |a Quá trình ngẫu nhiên Poisson đa hợp : | |
| 245 | 0 | |b Luận văn tốt nghiệp cao học: Chuyên ngành: Lý thuyết xác suất và thống kê toán học | |
| 245 | 0 | |c Nguyễn Huỳnh Trọng Đức ; Dương Tôn Đảm (Hướng dẫn khoa học) | |
| 260 | |a Cần Thơ | ||
| 260 | |b Đại học Cần Thơ | ||
| 260 | |c 2013 | ||
| 520 | |a Trình bày các kiến thức về tính toán ngẫu nhiên; Trình bày những tính chất của quá trình poission; Trình bày những tính chất của quá trình poission đa hợp; Trình bày một số ứng dụng của quá trình poission trong lý thuyết xếp hàng | ||
| 650 | |a Quá trình ngẫu nhiên,Stochastic processes | ||
| 904 | |i Quốc Thái, Huỳnh Mai | ||
| 980 | |a Trung tâm Học liệu Trường Đại học Cần Thơ | ||